00546 2200205 4500001002100000005001500021035002000036008004100056020002200097041000700119082001000126090001600136100002100152245004100173260004900214300003100263500001300294650001000307990002300317INLIS00000000000604720260410094100 a0010-1224006047260410 | | eng  a978-979-534-810-8 aEI aR 423 aR 423 MCG k0 aRosalind McGuire1 aVolume 7; Kamus Visual Junior Burung aBandung :bMiles Kelly Publishing Ltd,c2007 a25x17,5 cm, 56 hlm.; ilus. aVolume 7 4aKamus a05.17.01.04.08 002